000
00248nam a2200097Ia 4500
005
20251222114400.0
008
251222s1900||||xx |||||||||||||| ||spa||
082
_a
DVD0090/G89/Ej.2
245
0
_a
La verdad incomoda, una advertencia global:
942
_c
DVD
999
_c
1615
_d
1615